NBA Players who will compete in 2019 FIBA World Cup - Statistics

General Stats
  • This quiz has been taken 168 times
    158 since last reset
  • The average score is 28 of 58
Answer Stats
Country NBA Team Answer % Correct
France Utah Jazz Rudy Gobert
85%
Denver Nuggets Nikola Jokic
84%
Greece Milwaukee Bucks Giannis Antetokounmpo
83%
Boston Celtics Jayson Tatum
80%
Boston Celtics Jaylen Brown
79%
Utah Jazz Donovan Mitchell
76%
Germany Oklahoma City Thunder Dennis Schroder
74%
Milwaukee Bucks Khris Middleton
74%
Orlando Magic Evan Fournier
72%
Spain Toronto Raptors Marc Gasol
71%
Sacramento Kings Bogdan Bogdanovic
69%
San Antonio Spurs Patty Mills
68%
Oklahoma City Thunder Danilo Gallinari
66%
Indiana Pacers Domantas Sabonis
66%
Phoenix Suns Ricky Rubio
66%
Australia Utah Jazz Joe Ingles
61%
Charlotte Hornets Nicolas Batum
61%
Montenegro Orlando Magic Nikola Vucevic
61%
Boston Celtics Marcus Smart
60%
Milwaukee Bucks Thanasis Antetokounmpo
59%
USA Boston Celtics Kemba Walker
58%
Denver Nuggets Juancho Hernangomez
55%
Italy San Antonio Spurs Marco Belinelli
55%
Indiana Pacers Myles Turner
55%
Charlotte Hornets Willy Hernangomez
55%
Turkey Cleveland Cavaliers Cedi Osman
54%
New York Knicks Frank Ntilikina
54%
Lithuania Memphis Grizzlies Jonas Valanciunas
53%
Milwaukee Bucks Brook Lopez
52%
Japan Washington Wizards Rui Hachimura
50%
Cleveland Cavaliers Matthew Dellavedova
49%
Boston Celtics Daniel Theis
47%
Dallas Mavericks Boban Marjanovic
46%
Brooklyn Nets Joe Harris
46%
Czech Reupublic Chicago Bulls Tomas Satoransky
46%
Sacramento Kings Harrison Barnes
45%
San Antonio Spurs Derrick White
41%
Serbia Sacramento Kings Nemanja Bjelica
41%
Dallas Mavericks Maxi Kleber
39%
Milwaukee Bucks Ersan Ilyasova
38%
Philadelphia 76ers Furkan Korkmaz
37%
Phoenix Suns Aron Baynes
33%
Denver Nuggets Mason Plumlee
32%
Minnesota Timberwovles Josh Okogie
31%
Tunisia Dallas Mavericks Salah Mejri
31%
Memphis Grizzlies Yuta Watanabe
30%
Brazil Chicago Bulls Cristiano Felicio
23%
Washington Wizards Isaac Bonga
21%
Memphis Grizzlies Bruno Caboclo
20%
Boston Celtics Vincent Poirier
20%
Nigeria Orlando Magic Al-Farouq Aminu
19%
Memphis Grizzlies Marko Gudurić
17%
Canada Orlando Magic Khem Birch
14%
Phoenix Suns Elie Okobo
11%
San Antonio Spurs Chimezie Metu
9%
Toronto Raptors Chris Boucher
7%
Puerto Rico Sacramento Kings Isaiah Pineiro
2%
Toronto Raptors O'Shea Brissett
2%
No matching quizzes found
Score Distribution
Percent of People with Each Score
Percentile by Number Answered
Your Score History
You have not taken this quiz since the last reset